000 00655nam a22002177a 4500
003 UA-OsUOA
001 77443
007 ta
008 20110913b un ||||| |||| 00| 0 ukr d
100 _aВасильченко І.
090 _a330
_bВ19
942 _cSA
040 _aUA-OsUOA
_bukr
_cUA-OsUOA
_dUA-OsUOA
245 _aПорівняльний аналіз нейронних мереж та моделі Блека - Шоулза в оцінюванні опціонних контрактів
300 _aС.67-80
955 _a0
041 _aukr
080 _a330
773 0 _w77435
650 7 _a330 Економіка взагалі
_2UDC
999 _c363747
_d363747